000 00778nam a2200253Ia 4500
003 OSt
005 20220923223511.0
006 a|||||r|||| 00| 0
007 ta
008 220922b |||||||| |||| 00| 0 hin d
024 _a218,311
037 _cTextual
040 _aARTS
_cARTS
_bhin
041 _2hin
_ahin
082 _aO152,3x, P2
100 _aकमलेश्वर, संपा.
245 0 _aगुलमोहर फिर खिलेगा
246 _aGulamohar fir khilegā
260 _aदिल्ली
_b किताबघर
_c2002
300 _a180i`
_ccm.
650 _aहिन्दी साहित्य
_9156264
942 _hO152,3x, P2
_cTEXL
_2CC
999 _c365773
_d365773